000 00492nam a2200181Ia 4500
003 GCL
008 140319s9999 xx 000 0 eng d
040 _aGCL /
_cGCL
082 0 4 _a692.3
_bA G
100 1 _aANDRE, GUY
245 1 0 _aGUIDE PRATIQUE DE REALISATION D'UNE OPERATION IMMOBILIERE /
_cANDRE, GUY
260 _a[S.N] :
_bEYROLLES ،
_c1996
300 _a368 P
650 0 4 _aBUILDING
650 0 4 _aBUILDINGS - SPECIALIZATION
650 0 4 _aBUILDINGS - MATERIALS
942 _2ddc
_cBK
999 _c16330
_d16330